Sports Quiz

Random Sports Quiz

2009 Lions Touring Squad Quiz Stats

Quiz not verified by Sporcle

Also try: NBA #1 Draft Picks
Challenge
Share
Tweet
Embed
Score 0/46 Timer 10:00
0 Plays Today
Player % Correct
LockAlun Wyn Jones
94.8%
Out HalfStephen Jones
94.8%
PropAdam Jones
94.3%
FlankerRyan Jones
93.2%
Out HalfRonan O'Gara
91.1%
CentreBrian O'Driscoll
90.1%
LockPaul O'Connell
85.4%
Number EightJamie Heaslip
85.4%
CentreJamie Roberts
84.4%
Full BackRobert Kearney
83.3%
WingShane Williams
82.8%
FlankerMartyn Williams
82.3%
Scrum HalfMike Phillips
80.2%
WingTommy Bowe
77.1%
WingUgo Monye
76%
LockDonncha O'Callaghan
75.5%
Full BackLee Byrne
75.5%
FlankerTom Croft
72.9%
PropGethin Jenkins
70.8%
PropPhil Vickery
69.3%
Head CoachIan McGeechan
68.8%
PropAndrew Sheridan
66.7%
HookerJerry Flannery
65.6%
Player % Correct
LockSimon Shaw
65.6%
CentreGordon d'Arcy
65.6%
CentreRiki Flutey
64.1%
FlankerStephen Ferris
63%
FlankerDavid Wallace
61.5%
Scrum HalfMike Blair
60.9%
HookerRoss Ford
60.4%
HookerMatthew Rees
60.4%
PropEuan Murray
59.9%
Out HalfJames Hook
59.4%
PropJohn Hayes
58.9%
WingLuke Fitzgerald
57.8%
Number EightAndy Powell
57.3%
WingLeigh Halfpenny
57.3%
Scrum HalfHarry Ellis
56.3%
Scrum HalfTomas O'Leary
56.3%
CentreKeith Earls
55.2%
HookerLee Mears
54.2%
CentreTom Shanklin
41.1%
FlankerJoe Worsley
37%
LockNathan Hines
36.5%
FlankerAlan Quinlan
29.2%
PropTim Payne
20.3%

You're not logged in!

Compare scores with friends on all Sporcle quizzes.
Sign Up with Email
OR
Log In

You Might Also Like...

Show Comments

Extras

Top Quizzes Today


Score Distribution

Your Account Isn't Verified!

In order to create a playlist on Sporcle, you need to verify the email address you used during registration. Go to your Sporcle Settings to finish the process.

Report this User

Report this user for behavior that violates our Community Guidelines.

Details: